Từ điển pháp luật hình sự
Đã lưu trong:
| 主要作者: | |
|---|---|
| 格式: | 图书 |
| 语言: | Undetermined |
| 出版: |
Hà Nội
Tư Pháp
2006
|
| 主题: | |
| 标签: |
添加标签
没有标签, 成为第一个标记此记录!
|
| Thư viện lưu trữ: | Trung tâm Học liệu Trường Đại học Cần Thơ |
|---|
| LEADER | 00676nam a2200217Ia 4500 | ||
|---|---|---|---|
| 001 | CTU_105261 | ||
| 008 | 210402s9999 xx 000 0 und d | ||
| 020 | |c 30000 | ||
| 082 | |a 345.003 | ||
| 082 | |b H401 | ||
| 100 | |a Nguyễn, Ngọc Hòa | ||
| 245 | 0 | |a Từ điển pháp luật hình sự | |
| 245 | 0 | |c Nguyễn Ngọc Hòa, Lê Thị Sơn | |
| 260 | |a Hà Nội | ||
| 260 | |b Tư Pháp | ||
| 260 | |c 2006 | ||
| 650 | |a Criminal law | ||
| 650 | |x Dictionary | ||
| 650 | |z Vietnam | ||
| 904 | |i Hiếu (số phân loại 345.03597 thành số phân loại 345.003)Tuyến | ||
| 980 | |a Trung tâm Học liệu Trường Đại học Cần Thơ | ||